Modernización reformista : (Record no. 21477)

000 -CABECERA
fixed length control field 01660nam a22002897a 4500
003 - IDENTIFICADOR DEL NÚMERO DE CONTROL
control field AR-CdUCM
008 - DATOS DE LONGITUD FIJA--INFORMACIÓN GENERAL
fixed length control field 190220b ||||| |||| 00| 0 spa d
020 ## - NÚMERO INTERNACIONAL ESTÁNDAR DEL LIBRO
ISBN 9789972517204
040 ## - FUENTE DE LA CATALOGACIÓN
Agencia/entidad que catalogó originalmente la obra MUNICIPALIDAD PROVINCIAL DEL CUSCO
Entidad que transcribió la catalogación BIBLIOTECA MUNICIPAL DEL CUSCO
082 ## - NÚMERO DE LA CLASIFICACIÓN DECIMAL DEWEY
No. de Clasificación 336.3435/U24
Notacion interna U24
100 ## - ENTRADA PRINCIPAL--NOMBRE DE PERSONA
Nombre Personal Ugarteche, Óscar
245 ## - MENCIÓN DE TÍTULO
Título Modernización reformista :
Mención de responsabilidad y deuda externa en el Perú, 1963-1976.
260 ## - PUBLICACIÓN, DISTRIBUCIÓN, ETC.
Lugar de publicación, distribución, etc. Lima :
Nombre de la editorial, distribuidor, etc. Instituto de Estudios Peruanos, IEP,
Fecha de publicación, distribución, etc. 2019.
300 ## - DESCRIPCIÓN FÍSICA
Nº de Páginas Extensión 311 páginas. :
Dimensiones 23 cm.
440 ## - MENCIÓN DE SERIE/PUNTO DE ACCESO ADICIONAL--TÍTULO
Título Serie Análisis Económico,
Número de la parte/sección de una obra 32.
9 (RLIN) 44959
505 ## - NOTA DE CONTENIDO CON FORMATO
Nota de contenido formateada Contenido: El gobierno de la alianza Acción Popular-Democracia Cristiana y la deuda de la década de 1960 -- La deuda y las relaciones Estados Unidos-Perú -- Factores que contribuyen a la crisis del sector externo -- Las finanzas públicas y el manejo de la deuda -- El problema militar y el Fondo Monetario Internacional -- La crisis con el FMI y el acuerdo stand-by de 1978 -- La política exterior norteamericana frente al Perú reformista -- A modo de conclusión -- Adenda. Documentos desclasificados del departamento de Estado, la Casa Blanca, la cia y el Consejo de Seguridad Nacional relacionados con los tres golpes de Estado peruanos de 1962, 1968 y 19751.
650 ## - PUNTO DE ACCESO ADICIONAL DE MATERIA--TÉRMINO DE MATERIA
Descriptor Deuda externa
9 (RLIN) 3267
650 ## - PUNTO DE ACCESO ADICIONAL DE MATERIA--TÉRMINO DE MATERIA
Descriptor Finanzas internacionales
9 (RLIN) 35421
650 ## - PUNTO DE ACCESO ADICIONAL DE MATERIA--TÉRMINO DE MATERIA
Descriptor Relaciones económicas internacionales
9 (RLIN) 4074
650 ## - PUNTO DE ACCESO ADICIONAL DE MATERIA--TÉRMINO DE MATERIA
Descriptor Crisis económica
9 (RLIN) 6402
650 ## - PUNTO DE ACCESO ADICIONAL DE MATERIA--TÉRMINO DE MATERIA
Descriptor Políticas económica
9 (RLIN) 44960
650 ## - PUNTO DE ACCESO ADICIONAL DE MATERIA--TÉRMINO DE MATERIA
Descriptor Política y gobierno
9 (RLIN) 2693
650 ## - PUNTO DE ACCESO ADICIONAL DE MATERIA--TÉRMINO DE MATERIA
Descriptor Perú
9 (RLIN) 44961
710 ## - PUNTO DE ACCESO ADICIONAL--NOMBRE DE ENTIDAD CORPORATIVA
Nombre corporativo (En letras Mayúsculas) Instituto de Estudios Peruanos (Lima)
9 (RLIN) 9759
942 ## - ELEMENTOS DE PUNTO DE ACCESO ADICIONAL (KOHA)
Fuente de clasificación
Tipo de item Libros-BMC
945 ## - PROCESAMIENTO DE INFORMACIÓN LOCAL (OCLC)
Catalogador Roel
Holdings
Estado de retiro (separado) Fuente de clasificación o esquema de estanterías Estado dañado Ubicación Sala donde se ubica Nombre de la colección Fecha de adquisición o compra Fuente de adquisición Costo, precio normal en soles Signatura topográfica Código de Barras Última vez visto (Koha) Tipo de ítem (Koha)
No     Sala Humanidades Sala Humanidades Book Cart 2020-07-20 Compra 50.00 336.3435/U24 SH0000015841 2020-07-20 Libros-BMC
No     Sala Humanidades Sala Humanidades Book Cart 2020-07-20 Compra 50.00 336.3435/U24/e.2 SH0000015842 2020-07-20 Libros-BMC

Powered by Koha